| 000 | 00822nam a2200217Ii 4500 | ||
|---|---|---|---|
| 003 | JO-AjNU | ||
| 008 | 230605s9999||||xx |||||||||||||| ||und|| | ||
| 017 | _a2006/6/1531 | ||
| 040 |
_aJO-AjNU _bara _erda _cJO-AjNU |
||
| 041 | _aara | ||
| 050 | 1 | 4 | _aBM497.8.M37.2006 |
| 100 | 3 |
_aمصالحة،عمر أمين ، دار الجليل للنشر /اعداد, _eauthor _919303 |
|
| 245 | 0 | 0 | _aالتلمود المرجعية اليهودية للتشريعات الدينية والاجتماعية |
| 250 | _aط1 | ||
| 264 | 3 | 1 | _aعمان:دار الجليل للنشر والابحاث الفلسطينية،2006 |
| 300 | _a217ص | ||
| 336 |
_atext _btxt _2rdacontent |
||
| 337 |
_aunmediated _bn _2rdamedia |
||
| 338 |
_avolume _bnc _2rdacarrier |
||
| 650 | 4 |
_aالتلمود-اليهودية-الصهيونية _919304 |
|
| 999 |
_aA6343 _c9911 _d9911 |
||